Los demasiados libros (Record no. 206473)
[ view plain ]
| 000 -CABECERA | |
|---|---|
| campo de control de longitud fija | 00751cam a2200277 a 4500 |
| 003 - IDENTIFICADOR DEL NÚMERO DE CONTROL | |
| campo de control | UPN |
| 005 - FECHA Y HORA DE LA ÚLTIMA TRANSACCIÓN | |
| campo de control | 20250227143709.0 |
| 008 - ELEMENTOS DE LONGITUD FIJA--INFORMACIÓN GENERAL | |
| campo de control de longitud fija | 191126s1996 mx fr 001 0 spa d |
| 020 ## - NÚMERO INTERNACIONAL NORMALIZADO PARA LIBROS | |
| Número Internacional Estándar del Libro | 970651208X |
| 035 ## - NÚMERO DE CONTROL DEL SISTEMA | |
| Número de control de sistema | UPN01000234378 |
| 040 ## - FUENTE DE LA CATALOGACIÓN | |
| Centro catalogador/agencia de origen | MX-MxUPN |
| Lengua de catalogación | spa |
| Centro/agencia transcriptor | MX-MxUPN |
| 050 #4 - SIGNATURA TOPOGRÁFICA DE LA BIBLIOTECA DEL CONGRESO | |
| Número de clasificación | Z278 Z35 |
| Número de documento/Ítem | 1996 |
| 100 1# - ASIENTO PRINCIPAL--NOMBRE PERSONAL | |
| Nombre de persona | Zaid, Gabriel |
| 9 (RLIN) | 29514 |
| 245 14 - MENCIÓN DE TÍTULO | |
| Título | Los demasiados libros |
| 250 ## - MENCIÓN DE EDICIÓN | |
| Mención de edición | Segunda edición |
| 260 ## - PUBLICACIÓN, DISTRIBUCIÓN, ETC. | |
| Lugar de publicación, distribución, etc. | México, D.F. : |
| Nombre del editor, distribuidor, etc. | Océano, |
| Fecha de publicación, distribución, etc. | c1996. |
| 300 ## - DESCRIPCIÓN FÍSICA | |
| Extensión | 152 páginas |
| 490 0# - MENCIÓN DE SERIE | |
| Mención de serie | El ojo infalible |
| 650 #7 - ASIENTO SECUNDARIO DE MATERIA - TERMINO TEMATICO | |
| 9 (RLIN) | 16273 |
| Término de materia o nombre geográfico como elemento de entrada | Libros |
| Subdivisión general | Industria y comercio |
| 650 #4 - ASIENTO SECUNDARIO DE MATERIA - TERMINO TEMATICO | |
| Término de materia o nombre geográfico como elemento de entrada | Editores y publicaciones |
| 9 (RLIN) | 6095 |
| 650 #4 - ASIENTO SECUNDARIO DE MATERIA - TERMINO TEMATICO | |
| Término de materia o nombre geográfico como elemento de entrada | Libros y lectura |
| 9 (RLIN) | 5227 |
| 905 ## - TIPO DE MATERIAL | |
| Tipo de material | Libro |
| 942 ## - ELEMENTOS DE PUNTO DE ACCESO ADICIONAL (KOHA) | |
| Suprimir en OPAC | No |
| Tipo de ítem Koha | Libro |
| Fuente del sistema de clasificación o colocación | Library of Congress Classification |
| Estado de retiro | Estado de pérdida | Fuente del sistema de clasificación o colocación | Estado dañado | No para préstamo | Código de colección | Localización permanente | Ubicación/localización actual | Ubicación en estantería | Fecha de adquisición | Total de préstamos | Clasificación | Código de barras | Fecha visto por última vez | Fecha del último préstamo | Tipo de ítem Koha | Número de copia | Precio válido a partir de |
|---|---|---|---|---|---|---|---|---|---|---|---|---|---|---|---|---|---|
| Library of Congress Classification | Colección General | Bib. Gregorio Torres Quintero | Bib. Gregorio Torres Quintero | Planta baja | 10/06/2022 | 1 | Z278 Z35 1996 | 334270 | 22/08/2023 | 08/08/2023 | Libro | ||||||
| Library of Congress Classification | Colección General | Bib. Gregorio Torres Quintero | Bib. Gregorio Torres Quintero | Planta baja | 27/11/2024 | Z278 Z35 1996 | 340323 | 27/11/2024 | Libro | Ej.2 | 27/11/2024 |
